pays d'Amérique centrale - Statistiques

Statistiques générales
  • Ce quiz a été pris 467 fois
  • Le résultat moyen est 13 sur 20
Statistiques - réponses
Hint Réponse % Correct
7 panama
89%
6 costa rica
88%
4 honduras
82%
9 cuba
81%
1 guatemala
80%
5 nicaragua
75%
2 belize
73%
10 haiti
72%
3 salvador
72%
12 jamaique
71%
11 republique dominicaine
65%
8 bahamas
57%
16 sainte lucie
56%
18 barbade
50%
13 dominique
50%
15 saint vincent
50%
20 trinite
49%
14 saint christophe
46%
19 antigua
43%
17 grenade
43%
Aucun quiz correspondant
Distribution des résultats
% des personnes avec chaque résultat
Percentile par nombre de réponses
Votre historique - résultats
Vous n’avez pas pris ce quiz